000
00217nam a22000857a 4500
008
170131b xxu||||| |||| 00| 0 eng d
100
_9
2684
_a
Kumar.R.
245
_a
Environmental Studies-4
260
_a
New Delhi
_b
Rachna
_c
2010
999
_c
5843
_d
5843